Հայ առևտրական բուրժուազիան Իրանի տնտեսական կյանքում : (Record no. 85834)
[ view plain ]
| 000 -LEADER | |
|---|---|
| fixed length control field | 01382nam a2200253 u 4500 |
| 003 - CONTROL NUMBER IDENTIFIER | |
| control field | AM-YeHGA |
| 005 - DATE AND TIME OF LATEST TRANSACTION | |
| control field | 20250618071623.0 |
| 008 - FIXED-LENGTH DATA ELEMENTS--GENERAL INFORMATION | |
| fixed length control field | 030701s1992 ai r 000 0 arm d |
| 020 ## - INTERNATIONAL STANDARD BOOK NUMBER | |
| International Standard Book Number | 5808002346 |
| 040 ## - CATALOGING SOURCE | |
| Original cataloging agency | AM-YeHGA |
| 090 ## - LOCALLY ASSIGNED LC-TYPE CALL NUMBER (OCLC); LOCAL CALL NUMBER (RLIN) | |
| -- | 87113 |
| 100 1# - MAIN ENTRY--PERSONAL NAME | |
| Personal name | Ստեփանյան, Սամվել Խաչիկի |
| 245 10 - TITLE STATEMENT | |
| Title | Հայ առևտրական բուրժուազիան Իրանի տնտեսական կյանքում : |
| Remainder of title | (XIX դարի վերջ XX դարի սկիզբ) / |
| Statement of responsibility, etc. | Ս.Խ. Ստեփանյան; Պատ. խմբ.՝ Հ.Մ. Եգանյան; ՀՀ ԳԱԱ Արևելագիտ. ին-տ. |
| 246 15 - VARYING FORM OF TITLE | |
| Title proper/short title | Армянская торговая буржуазия в экономической жизни Ирана : |
| Remainder of title | (конец XIX-начало XX вв) |
| 260 ## - PUBLICATION, DISTRIBUTION, ETC. | |
| Place of publication, distribution, etc. | Երևան : |
| Name of publisher, distributor, etc. | Հայաստանի ԳԱ հրատ, |
| Date of publication, distribution, etc. | 1992. |
| 300 ## - PHYSICAL DESCRIPTION | |
| Extent | 175 էջ. |
| 650 14 - SUBJECT ADDED ENTRY--TOPICAL TERM | |
| Topical term or geographic name entry element | Տնտեսություն |
| Active dates | XIX դարի վերջ XX դարի սկիզբ |
| 653 0# - INDEX TERM--UNCONTROLLED | |
| Uncontrolled term | Հայ առևտրական բուրժուազիա - Իրան |
| 700 1# - ADDED ENTRY--PERSONAL NAME | |
| Personal name | Եգանյան, Համլետ Մնացականի, |
| Dates associated with a name | 1925- |
| Relator term | խմբ. |
| Relationship | edt |
| 9 (RLIN) | 3313 |
| 710 2# - ADDED ENTRY--CORPORATE NAME | |
| Corporate name or jurisdiction name as entry element | Գիտությունների ազգային ակադեմիա ՀՀ |
| 710 2# - ADDED ENTRY--CORPORATE NAME | |
| Corporate name or jurisdiction name as entry element | Արևելագիտության ինստիտուտ ՀՀ ԳԱԱ |
| 856 4# - ELECTRONIC LOCATION AND ACCESS | |
| Uniform Resource Identifier | <a href="https://arar.sci.am/dlibra/publication/345600/edition/318345/content">https://arar.sci.am/dlibra/publication/345600/edition/318345/content</a> |
| Link text | Կարդալ առցանց |
| 942 ## - ADDED ENTRY ELEMENTS (KOHA) | |
| Source of classification or shelving scheme | Universal Decimal Classification |
| Koha item type | Գրքեր / Books |
| Withdrawn status | Lost status | Damaged status | Not for loan | Collection | Home library | Current library | Date acquired | Total checkouts | Full call number | Barcode | Date last seen | Copy number | Price effective from | Koha item type | Public note |
|---|---|---|---|---|---|---|---|---|---|---|---|---|---|---|---|
| General | Fundamental Scientific Library | Fundamental Scientific Library | 22/12/2016 | AII/82762 | FL0219647 | 22/12/2016 | 339 | 22/12/2016 | Գրքեր / Books | 30 Days Loan | |||||
| General | Fundamental Scientific Library | Fundamental Scientific Library | 22/12/2016 | AII/82856 | 220082856 | 22/12/2016 | 339 | 22/12/2016 | Գրքեր / Books | 30 Days Loan | |||||
| General | Fundamental Scientific Library | Fundamental Scientific Library | 22/12/2016 | AII/82857 | FL0262478 | 22/12/2016 | 339 | 22/12/2016 | Գրքեր / Books | 30 Days Loan | |||||
| General | Fundamental Scientific Library | Fundamental Scientific Library | 22/12/2016 | AII/82858 | 220082858 | 22/12/2016 | 339 | 22/12/2016 | Գրքեր / Books | 30 Days Loan |
ՀՀ Գիտությունների ազգային ակադեմիայի հիմնարար գիտական գրադարան = Fundamental Scientific Library of NAS RA
All site content, except where otherwise noted, is licensed under a